000 00811nam a22002297a 4500
999 _c145851
_d145851
005 20230628110202.0
010 _a1718EN-30 ENG-121506 ENG-137191
020 _a9789325994119
_c450.00
035 _aEN-105038 EN-120723
035 _aB-686193-198
037 _bAsian
_adpl
037 _bDBAD/PUB
082 _a320.454
100 _aPatil,S.H.
245 _aThe constitution, government and politics in India /
_cby S.H.Patil
260 _aNoida
_bVikas Publishing House
_c2016
270 _aE-28,Sector-8
_bNoida(UP)
_e201301
300 _axx,689p.
_c24cm(pbk)
500 _aincludes index
942 _2ddc
_cEN
_mPAT
_h320.454